000 00384nam a2200157Ia 4500
003 OSt
005 20240217135021.0
008 170524s9999 xx 000 0 und d
020 _a 978-9352866717
040 _cIIMT UNIVERSITY MEERUT
100 _aRogers David
245 0 _aProcedural Element for Computer Graphics
260 _bTMH New Delhi
260 _c2007
942 _2ddc
_c02
999 _c4743
_d4743